<?xml version="1.0" encoding="UTF-8"?>
<record
    xmlns:xsi="http://www.w3.org/2001/XMLSchema-instance"
    xsi:schemaLocation="http://www.loc.gov/MARC21/slim http://www.loc.gov/standards/marcxml/schema/MARC21slim.xsd"
    xmlns="http://www.loc.gov/MARC21/slim">

  <leader>01323nam0a22002771  4500</leader>
  <controlfield tag="001">rc\4643084</controlfield>
  <controlfield tag="005">20250612140941.0</controlfield>
  <datafield tag="021" ind1=" " ind2=" ">
    <subfield code="a">RU</subfield>
    <subfield code="b">[65-11998]</subfield>
  </datafield>
  <datafield tag="035" ind1=" " ind2=" ">
    <subfield code="a">(NLR Aleph) 008686598</subfield>
  </datafield>
  <datafield tag="090" ind1=" " ind2=" ">
    <subfield code="a">9212339</subfield>
    <subfield code="c">9212339</subfield>
  </datafield>
  <datafield tag="100" ind1=" " ind2=" ">
    <subfield code="a">20130416d1965    |||y0rusy50      ca</subfield>
  </datafield>
  <datafield tag="101" ind1="0" ind2=" ">
    <subfield code="a">rus</subfield>
  </datafield>
  <datafield tag="102" ind1=" " ind2=" ">
    <subfield code="a">RU</subfield>
  </datafield>
  <datafield tag="105" ind1=" " ind2=" ">
    <subfield code="a">y   z   |||||</subfield>
  </datafield>
  <datafield tag="200" ind1="1" ind2=" ">
    <subfield code="a">&#x422;&#x430;&#x440;&#x430;&#x43D; &#x43D;&#x430;&#x434; &#x411;&#x440;&#x435;&#x441;&#x442;&#x43E;&#x43C;</subfield>
    <subfield code="e">[&#x413;&#x435;&#x440;&#x43E;&#x438;&#x447;. &#x431;&#x44B;&#x43B;&#x438; &#x412;&#x435;&#x43B;&#x438;&#x43A;&#x43E;&#x439; &#x41E;&#x442;&#x435;&#x447;. &#x432;&#x43E;&#x439;&#x43D;&#x44B;]</subfield>
  </datafield>
  <datafield tag="210" ind1=" " ind2=" ">
    <subfield code="a">&#x41C;&#x43E;&#x441;&#x43A;&#x432;&#x430;</subfield>
    <subfield code="c">&#x418;&#x437;&#x434;-&#x432;&#x43E; &#x414;&#x41E;&#x421;&#x410;&#x410;&#x424;</subfield>
    <subfield code="d">1965</subfield>
  </datafield>
  <datafield tag="215" ind1=" " ind2=" ">
    <subfield code="a">130 &#x441;.</subfield>
    <subfield code="d">20</subfield>
  </datafield>
  <datafield tag="327" ind1="1" ind2=" ">
    <subfield code="a">&#x421;&#x43E;&#x434;&#x435;&#x440;&#x436;.: &#x422;&#x430;&#x440;&#x430;&#x43D; &#x43D;&#x430;&#x434; &#x411;&#x440;&#x435;&#x441;&#x442;&#x43E;&#x43C;; &#x41A;&#x430;&#x442;&#x44E;&#x448;&#x430;; &#x41F;&#x43E;&#x441;&#x43B;&#x435;&#x434;&#x43D;&#x438;&#x439; &#x431;&#x43E;&#x439; &#x441;&#x43C;&#x435;&#x440;&#x442;&#x43D;&#x438;&#x43A;&#x43E;&#x432;; &#x422;&#x430;&#x439;&#x43D;&#x430; &#x424;&#x435;&#x434;&#x43E;&#x440;&#x430; &#x41F;&#x43E;&#x435;&#x442;&#x430;&#x43D;&#x430;; &#x420;&#x430;&#x441;&#x441;&#x43A;&#x430;&#x437; &#x43E; &#x43D;&#x430;&#x441;&#x442;&#x43E;&#x44F;&#x449;&#x435;&#x43C; &#x447;&#x435;&#x43B;&#x43E;&#x432;&#x435;&#x43A;&#x435;</subfield>
  </datafield>
  <datafield tag="464" ind1=" " ind2="0">
    <subfield code="1">2001#$a&#x422;&#x430;&#x440;&#x430;&#x43D; &#x43D;&#x430;&#x434; &#x411;&#x440;&#x435;&#x441;&#x442;&#x43E;&#x43C;$a&#x41A;&#x430;&#x442;&#x44E;&#x448;&#x430;$a&#x41F;&#x43E;&#x441;&#x43B;&#x435;&#x434;&#x43D;&#x438;&#x439; &#x431;&#x43E;&#x439; &#x441;&#x43C;&#x435;&#x440;&#x442;&#x43D;&#x438;&#x43A;&#x43E;&#x432;$a&#x422;&#x430;&#x439;&#x43D;&#x430; &#x424;&#x435;&#x434;&#x43E;&#x440;&#x430; &#x41F;&#x43E;&#x435;&#x442;&#x430;&#x43D;&#x430;$a&#x420;&#x430;&#x441;&#x441;&#x43A;&#x430;&#x437; &#x43E; &#x43D;&#x430;&#x441;&#x442;&#x43E;&#x44F;&#x449;&#x435;&#x43C; &#x447;&#x435;&#x43B;&#x43E;&#x432;&#x435;&#x43A;&#x435;</subfield>
    <subfield code="t">&#x420;&#x430;&#x441;&#x441;&#x43A;&#x430;&#x437; &#x43E; &#x43D;&#x430;&#x441;&#x442;&#x43E;&#x44F;&#x449;&#x435;&#x43C; &#x447;&#x435;&#x43B;&#x43E;&#x432;&#x435;&#x43A;&#x435;</subfield>
  </datafield>
  <datafield tag="606" ind1=" " ind2=" ">
    <subfield code="a">&#x413;&#x435;&#x440;&#x43E;&#x438; &#x412;&#x435;&#x43B;&#x438;&#x43A;&#x43E;&#x439; &#x41E;&#x442;&#x435;&#x447;&#x435;&#x441;&#x442;&#x432;&#x435;&#x43D;&#x43D;&#x43E;&#x439; &#x432;&#x43E;&#x439;&#x43D;&#x44B; 1941-1945 &#x433;&#x433;. (&#x445;. &#x43B;.)</subfield>
    <subfield code="2">psbo</subfield>
  </datafield>
  <datafield tag="700" ind1=" " ind2="1">
    <subfield code="a">&#x421;&#x43C;&#x438;&#x440;&#x43D;&#x43E;&#x432;</subfield>
    <subfield code="b">&#x421;.&#x421;.</subfield>
    <subfield code="f">1915-1976</subfield>
    <subfield code="g">&#x421;&#x435;&#x440;&#x433;&#x435;&#x439; &#x421;&#x435;&#x440;&#x433;&#x435;&#x435;&#x432;&#x438;&#x447;</subfield>
  </datafield>
  <datafield tag="801" ind1=" " ind2="0">
    <subfield code="a">RU</subfield>
    <subfield code="b">NLR</subfield>
    <subfield code="g">psbo</subfield>
  </datafield>
  <datafield tag="801" ind1=" " ind2="1">
    <subfield code="a">RU</subfield>
    <subfield code="b">ELAR</subfield>
    <subfield code="2">rusmarc</subfield>
  </datafield>
  <datafield tag="852" ind1=" " ind2=" ">
    <subfield code="a">NLR</subfield>
    <subfield code="j">65-3/957</subfield>
  </datafield>
  <datafield tag="942" ind1=" " ind2=" ">
    <subfield code="c">BOOK</subfield>
  </datafield>
  <datafield tag="980" ind1=" " ind2=" ">
    <subfield code="a">NB</subfield>
  </datafield>
  <datafield tag="995" ind1=" " ind2=" ">
    <subfield code="5">2013-10-26</subfield>
    <subfield code="b">NLR01</subfield>
    <subfield code="c">NLR01</subfield>
    <subfield code="e">RF31</subfield>
    <subfield code="f">8686598-10</subfield>
    <subfield code="k">65-3/957</subfield>
    <subfield code="o">0</subfield>
    <subfield code="r">BOOK</subfield>
    <subfield code="s">653957_</subfield>
  </datafield>
</record>
